A digest of new developments in Army weapons : (Record no. 185144)

000 -LEADER
fixed length control field 00949 a2200205 4500
003 - CONTROL NUMBER IDENTIFIER
control field NUST
005 - DATE AND TIME OF LATEST TRANSACTION
control field 20230309123525.0
010 ## - LIBRARY OF CONGRESS CONTROL NUMBER
LC control number 59003692
040 ## - CATALOGING SOURCE
Transcribing agency Nust
082 ## - DEWEY DECIMAL CLASSIFICATION NUMBER
Classification number 355,WOR
100 ## - MAIN ENTRY--PERSONAL NAME
Personal name Worley, Marvin L.
9 (RLIN) 48769
245 ## - TITLE STATEMENT
Title A digest of new developments in Army weapons :
Remainder of title tactics, organization and equipment /
Statement of responsibility, etc. Marvin L. Worley,
250 ## - EDITION STATEMENT
Edition statement 2nd ed.
260 ## - PUBLICATION, DISTRIBUTION, ETC.
Place of publication, distribution, etc. Pa., Stackpole Co
Name of publisher, distributor, etc. Harrisburg,
Date of publication, distribution, etc. 1959
300 ## - PHYSICAL DESCRIPTION
Extent 378 p.:
Other physical details illus
Dimensions 22 cm
505 ## - FORMATTED CONTENTS NOTE
Formatted contents note Army Research and Development (Page-1), Artillery (Page-17), Infantry Tactics (Page-87), Armor (Page-131), Airborne Air Mobility (Page-159), Need to Know for Nuclear Warfare (Page-204), Chemical (Page-221), Engineers (Page-242), Signal (Page-275), Quartermaster (Page-329), Transportation (Page-354).
600 ## - SUBJECT ADDED ENTRY--PERSONAL NAME
Personal name Worley, Marvin L.
9 (RLIN) 48769
650 ## - SUBJECT ADDED ENTRY--TOPICAL TERM
Topical term or geographic name entry element A digest of new developments in Army weapons, tactics, organization and equipment
9 (RLIN) 105766
942 ## - ADDED ENTRY ELEMENTS (KOHA)
Source of classification or shelving scheme
Koha item type Book
Call number prefix 355,WOR
Holdings
Withdrawn status Lost status Source of classification or shelving scheme Damaged status Not for loan Permanent Location Current Location Shelving location Date acquired Full call number Barcode Date last seen Price effective from Koha item type Public note Total Checkouts
          Military College of Signals (MCS) Military College of Signals (MCS) General Stacks 12/12/2016 355,WOR MCS21758 12/08/2016 12/12/2016 Book Almirah No.51, Shelf No.2  
          Military College of Signals (MCS) Military College of Signals (MCS) General Stacks 12/12/2016 355,WOR MCS21759 12/08/2016 12/12/2016 Book Almirah No.51, Shelf No.2  
          Military College of Signals (MCS) Military College of Signals (MCS) General Stacks 12/12/2016 355,WOR MCS21787 12/08/2016 12/12/2016 Book Almirah No.73, Shelf No.7  
          Military College of Signals (MCS) Military College of Signals (MCS) General Stacks 12/23/2022 355,WOR MCS21770 12/23/2022 12/23/2022 Book Almirah No.51, Shelf No.2  
          Military College of Signals (MCS) Military College of Signals (MCS) General Stacks 12/23/2022 355,WOR MCS21957 12/23/2022 12/23/2022 Book Almirah No.73, Shelf No.7  
© 2023 Central Library, National University of Sciences and Technology. All Rights Reserved.